| 000 | 00565nam a2200181Ia 4500 | ||
|---|---|---|---|
| 008 | 151202s9999||||xx |||||||||||||| ||und|| | ||
| 082 | _bPNVM-65228 | ||
| 100 | _aवाघ सुनिती. | ||
| 245 | _aजीवन यात्रा. | ||
| 260 | _b"तरंग प्रकाशन,औरंगाबाद." | ||
| 260 | _c2007 | ||
| 300 | _a175 | ||
| 600 | _aवाघ सुनिती. | ||
| 630 | _aजीवन यात्रा. | ||
| 700 | _aवाघ सुनिती. | ||
| 730 | _aजीवन यात्रा. | ||
| 942 | _cBOOK | ||
| 999 |
_c1331760 _d1331757 |
||